000 00313nam a22001217a 4500
008 180511b xxu||||| |||| 00| 0 eng d
041 _aeng
080 _a043.3
100 _a0
101 _aSHKI-MTH
245 _aSistemi E-commerce në ndërmarrjet e vogëla dhe të mesme në Kosovë
_cUkaj,M
942 _2udc
_cBK
999 _c45701
_d45701